000 00407cam a2200169ua 4500
041 _aeng
_h
082 _a824
_bPEA/EN
100 _aPeacock, W .
245 _aEnglish prose vol-V /
_cW Peacock.
_hTextual Documents
250 _a1 /
_b.
260 _aLondon :
_bOxford University Press ,
_c1951.
300 _a622 ; .
504 _a
942 _cBK
999 _c11845
_d11845